000 00669nam a2200277Ia 4500
005 20260320195816.0
008 008 262003s9999 xx 000 0 hin d
020 _a9788126708635
037 _aEBOOK
040 _aCRL
040 _bhin
040 _cCRL
041 _2hin
041 _ahin
084 _qCRL
100 _aहरिशंकर परसाई
_91133179
245 0 _aआवारा भीड़ के खतरे
250 _a15th
260 _bRajkamal
260 _c2004
300 _a156
856 _uhttps://ebook.indiaread.in/pdfs/9788126708635.pdf
942 _cEBOOK
999 _c1716616
_d1716616